ბათუმის შოთა რუსთაველის სახელმწიფო უნივერსიტეტის ბიბლიოთეკა

Правила технической эксплуатации нефтебаз. (ბიბ.ჩანაწერი № 47170)

000 -LEADER
fixed length control field 00583nam a2200193Ia 4500
001 - CONTROL NUMBER
control field 14028
003 - CONTROL NUMBER IDENTIFIER
control field GE_BSU
008 - FIXED-LENGTH DATA ELEMENTS--GENERAL INFORMATION
fixed length control field 181216s||||||||xx |||||||||||||| ||und||
040 ## - CATALOGING SOURCE
Transcribing agency GE_BSU
080 ## - UNIVERSAL DECIMAL CLASSIFICATION NUMBER
Universal Decimal Classification number 665.7.23
245 ## - TITLE STATEMENT
Title Правила технической эксплуатации нефтебаз.
245 ## - TITLE STATEMENT
Statement of responsibility, etc. Ответст. за выпуск З.А.Попова.
260 ## - PUBLICATION, DISTRIBUTION, ETC.
Place of publication, distribution, etc. М.
260 ## - PUBLICATION, DISTRIBUTION, ETC.
Name of publisher, distributor, etc. Недра.
260 ## - PUBLICATION, DISTRIBUTION, ETC.
Date of publication, distribution, etc. 1976.
300 ## - PHYSICAL DESCRIPTION
Extent 112 стр. 20 см.
653 ## - INDEX TERM--UNCONTROLLED
Uncontrolled term Правила технической эксплуатации нефтебаз.
942 ## - ADDED ENTRY ELEMENTS (KOHA)
Koha item type წიგნი
ეგზემპლარები
Withdrawn status Lost status Damaged status Not for loan Date acquired Barcode Date last seen Price effective from Koha item type
        2018-12-17 10196 2018-12-17 2018-12-17 წიგნი